Evénements du 9 septembre - Statistiques

Statistiques générales
  • Ce quiz a été pris 35 fois
  • Le résultat moyen est 9 sur 15
Statistiques - réponses
Hint Réponse % Correct
Indépendance du Tadjikistan 1991
89%
Les 13 colonies britanniques deviennent les Etats-Unis d'Amérique 1776
81%
Mort du roi Guillaume le Conquérant 1087
78%
Proclamation de la république de Corée-du-Nord 1948
74%
Naissance de Hugh Grant 1960
70%
Création de L'Avare de Molière 1668
67%
La Rochelle organise la 1ère journée sans voiture en France 1997
63%
La Californie devient le 31e état des Etats-Unis 1850
56%
Naissance d'Otis Redding 1941
56%
Naissance de Léon Tolstoï 1828
52%
Mort du peintre Peter Brueghel l'Ancien 1569
48%
Naissance du futur cardinal de Richelieu 1585
48%
Naissance de Claude Nougaro 1929
48%
Marie Stuart devient reine d'Ecosse 1543
41%
Naissance de Brassaï 1899
33%
Aucun quiz correspondant
Distribution des résultats
% des personnes avec chaque résultat
Percentile par nombre de réponses
Votre historique - résultats
Vous n’avez pas pris ce quiz